Libertad de empresa y no discriminación económica: doctrina y jurisprudencia del Tribunal Constitucional
Guardat en:
| Autor principal: | |
|---|---|
| Format: | Llibre |
| Idioma: | espanyol |
| Publicat: |
Santiago
Tribunal Constitucional de Chile
2012
|
| Col·lecció: | Cuadernos del Tribunal Constitucional, 48
|
| Matèries: | |
| Etiquetes: |
Afegir etiqueta
Sense etiquetes, Sigues el primer a etiquetar aquest registre!
|
MARC
| LEADER | 00000cam a2200000 a 4500 | ||
|---|---|---|---|
| 001 | UCF3150 | ||
| 003 | CL-VaPUC | ||
| 008 | 120927e20120800CL |||||||||||||||||spa|d | ||
| 082 | 0 | 4 | |a 343.8307 |b LOP |2 21 |
| 100 | |a López Magnasco, Sebastián Andrés |e autor |9 792963 | ||
| 245 | 1 | 0 | |a Libertad de empresa y no discriminación económica: doctrina y jurisprudencia del Tribunal Constitucional |
| 300 | |a 240 p | ||
| 942 | |c BK | ||
| 945 | |d 20120927 00:00:00 |a dcastane | ||
| 260 | |a Santiago |b Tribunal Constitucional de Chile |c 2012 | ||
| 650 | 0 | |a Igualdad ante la ley |9 382454 | |
| 650 | 7 | |a GARANTIAS CONSTITUCIONALES |2 CL-VaPUC |9 565070 | |
| 650 | 7 | |a SUBSIDIARIDAD DEL ESTADO |2 CL-VaPUC |9 501395 | |
| 650 | 7 | |a DISCRIMINACION ECONOMICA |2 CL-VaPUC |9 316579 | |
| 583 | |a last modification |c 20120927 15:26:00 |k Rodrigo Vera | ||
| 490 | 0 | |a Cuadernos del Tribunal Constitucional, 48 | |
| 999 | |c 349633 |d 349631 | ||
| 952 | |0 0 |1 0 |4 0 |6 343_830700000000000_LOP_2012 |7 0 |8 A |9 452333 |a BIBDER |b BIBDER |d 2019-11-22 |i 4905997 |l 1 |o 343.8307 LOP 2012 |p 4905997 |q 2025-12-31 |r 2025-04-17 |s 2025-04-17 |w 2019-11-22 |y BK |k DER | ||